| 000 | 00452ntaaa2200181 4500 | ||
|---|---|---|---|
| 003 | 01 | ||
| 005 | 20251027201628.0 | ||
| 008 | 0714s1973 ag 01 | ||
| 040 |
_aAR-BaBN _bspa _cAR-BaBN _eaacr _dRIC |
||
| 082 | _a248.4000 W52a | ||
| 100 |
_aWestmoreland, Blake _915000 |
||
| 245 | _aEl amor en la Biblia | ||
| 250 | _a1 ed. | ||
| 260 |
_aEl Paso : _bCasa bautista de Publicaciones, _c1975 |
||
| 300 | _a48 p | ||
| 650 | _avida cristiana | ||
| 942 | _cBK | ||
| 999 |
_c10938 _d10938 |
||